| 000 | 00593nam a2200145Ia 4500 | ||
|---|---|---|---|
| 008 | 151213s9999 xx 000 0 und d | ||
| 100 | _aড. সৈয়দ সাজ্জ্াদ হোসেন | ||
| 245 |
_aইংরেজী সাহিত্যেও ইতিহাস ২ _cড. সৈয়দ সাজ্জ্াদ হোসেন |
||
| 260 |
_aঢাকা _bবাংলা একাডেমী। _c1989 |
||
| 300 | _a8441 p. | ||
| 650 | _aBangla | ||
| 650 | _aBengali Literature | ||
| 700 | _aড. সৈয়দ সাজ্জ্াদ হোসেন | ||
| 999 |
_c4279 _d4279 |
||